000 00433cam a22001337a 4500
008 180718b1984 xxu||||| |||| 00| 0 eng d
082 _aBA27x5441 Sh13e
100 _aShah, Ghanshyam
245 _aEconomic differentiations and tribal identity
_cby Ghanshyam Shah
260 _aDelhi
_bAjanta
_c1984
300 _a152p.
650 _aChaudri (Indic people) --Social conditions.
650 _aChaudri (Indic people) --Economic conditions
999 _c354102
_d354102